| 000 | 01434cam a22003737a 4500 | ||
|---|---|---|---|
| 001 | 14661109 | ||
| 003 | EG-ScBUE | ||
| 005 | 20250615095143.0 | ||
| 008 | 061208t2006 enkac f b 001 0 eng d | ||
| 020 | _a0471899305 | ||
| 020 | _a0471899313 (pbk.) | ||
| 020 | _a9780471899310 (pbk.) | ||
| 035 | _a(OCoLC)ocm56875967 | ||
| 035 | _a(OCoLC)56875967 | ||
| 040 |
_aUKM _beng _erda _cUKM _dBAKER _dC#P _dYDXCP _dIXA _dDLC _dEG-ScBUE |
||
| 082 | 0 | 4 |
_a535.8 _222 _bBAN |
| 100 | 1 |
_aBand, Yehuda Benzion, _d1946- _eauthor. |
|
| 245 | 1 | 0 |
_aLight and matter : _belectromagnetism, optics, spectroscopy and lasers / _cYehuda B. Band, Ben-Gurion University, Israel. |
| 264 | 1 |
_aChichester : _bJohn Wiley, _c[2006] |
|
| 264 | 4 | _cc2006 | |
| 300 |
_axv, 640 pages : _billustrations, portraits ; _c25 cm |
||
| 336 |
_2rdacontent _atext _btxt |
||
| 337 |
_aunmediated _2rdamedia _bn |
||
| 338 |
_avolume _bnc _2rdacarrier |
||
| 504 | _aIncludes bibliographical references and index. | ||
| 650 | 7 |
_aElectromagnetism. _2BUEsh |
|
| 650 | 7 |
_aSpectrum analysis. _2BUEsh |
|
| 650 | 7 |
_aLasers. _2BUEsh |
|
| 655 | _vReading book | ||
| 856 | 4 | 2 |
_3Publisher description _uhttp://www.loc.gov/catdir/enhancements/fy0653/2006491878-d.html |
| 856 | 4 | 1 |
_3Table of contents only _uhttp://www.loc.gov/catdir/enhancements/fy0902/2006491878-t.html |
| 942 |
_2ddc _cBB |
||
| 999 |
_c10768 _d10768 |
||